[Event "LSS No Engine Cup 126 Preliminary 0"]
[White "Wisham, Clyde"]
[Black "Schiller, Manfred"]
[Site "LSS email"]
[Round "?"]
[Result "1-0"]
[Date "2015.02.28"]
[WhiteElo "1824"]
[BlackElo "909"]
[PlyCount "65"]
[EventDate "2015.03.01"]
[EventType "tourn (corr)"]
[EventRounds "6"]
[EventCountry "GER"]
[SourceTitle "Corr 2022"]
[Source "ChessBase"]
[SourceDate "2021.10.24"]
[SourceVersion "1"]
[SourceVersionDate "2021.10.24"]
[SourceQuality "1"]

1. d4 Nf6 2. c4 d5 3. Nf3 Bg4 4. Ne5 Bf5 5. Nc3 e6 6. Bf4 Bb4 7. Qa4+ Nc6 8. Nxc6 Bxc3+ 9. bxc3 Qd7 10. f3 bxc6 11. g4 Bg6 12. h4 dxc4 13. h5 Nd5 14. Bd2 Bf5 15. gxf5 exf5 16. Qxc4 0-0 17. Bh3 g6 18. hxg6 fxg6 19. e4 a5 20. exd5 Qxd5 21. Qxd5+ cxd5 22. Kf2 a4 23. Rhb1 c6 24. Rb7 Rab8 25. Rab1 Rxb7 26. Rxb7 a3 27. Bc1 h6 28. Bxh6 Rf7 29. Rxf7 Kxf7 30. Bc1 Kf6 31. Bxa3 g5 32. Bd6 f4 33. a4 1-0

[Event "LSS No Engine Cup 120 Preliminary 7"]
[White "Filippkina, Anna"]
[Black "Schiller, Manfred"]
[Site "LSS email"]
[Round "?"]
[Result "0-1"]
[Date "2014.11.01"]
[WhiteElo "833"]
[BlackElo "548"]
[PlyCount "20"]
[EventDate "2014.11.02"]
[EventType "tourn (corr)"]
[EventRounds "6"]
[EventCountry "GER"]
[SourceTitle "Corr 2015"]
[Source "ChessBase"]
[SourceDate "2015.07.17"]
[SourceVersion "1"]
[SourceVersionDate "2015.07.17"]
[SourceQuality "1"]

1. e4 Nc6 2. d4 e6 3. d5 Ne5 4. Nf3 Bd6 5. Nxe5 Bxe5 6. f4 Bd6 7. e5 Bb4+ 8. c3 Bc5 9. Bc4 Qh4+ 10. g3 Qh3 0-1

[Event "LSS No Engine Cup 120 Preliminary 7"]
[White "Schiller, Manfred"]
[Black "O'Brien, Glenn"]
[Site "LSS email"]
[Round "?"]
[Result "0-1"]
[Date "2014.11.01"]
[WhiteElo "548"]
[BlackElo "1319"]
[PlyCount "46"]
[EventDate "2014.11.02"]
[EventType "tourn (corr)"]
[EventRounds "6"]
[EventCountry "GER"]
[SourceTitle "Corr 2015"]
[Source "ChessBase"]
[SourceDate "2015.07.17"]
[SourceVersion "1"]
[SourceVersionDate "2015.07.17"]
[SourceQuality "1"]

1. Nf3 d5 2. d4 Nf6 3. Bf4 e6 4. Ne5 Bd6 5. e3 0-0 6. Bd3 c5 7. Nc3 Nc6 8. Nxc6 bxc6 9. Be5 Rb8 10. Qf3 c4 11. Be2 Rxb2 12. Bxf6 Qxf6 13. Qxf6 gxf6 14. Rc1 Bb4 15. 0-0 Bxc3 16. a4 e5 17. Bh5 Bf5 18. g4 Bxc2 19. dxe5 fxe5 20. f4 Be4 21. f5 Rg2+ 22. Kh1 Rxg4+ 23. Rf3 Bxf3# 0-1

[Event "LSS No Engine Cup 119 Preliminary 6"]
[White "Schiller, Manfred"]
[Black "Perez, Giorgio"]
[Site "LSS email"]
[Round "?"]
[Result "0-1"]
[Date "2014.10.16"]
[WhiteElo "548"]
[BlackElo "1335"]
[PlyCount "94"]
[EventDate "2014.10.17"]
[EventType "tourn (corr)"]
[EventRounds "6"]
[EventCountry "GER"]
[SourceTitle "Corr 2015"]
[Source "ChessBase"]
[SourceDate "2015.07.17"]
[SourceVersion "1"]
[SourceVersionDate "2015.07.17"]
[SourceQuality "1"]

1. Nf3 Nf6 2. Nc3 d5 3. d4 Bg4 4. Bf4 a6 5. e3 e6 6. Be2 c5 7. h3 Bh5 8. Ne5 Nbd7 9. Bxh5 Nxe5 10. Bxe5 Nxh5 11. Qxh5 cxd4 12. Bxd4 g6 13. Qe2 f6 14. 0-0 Bd6 15. Qf3 0-0 16. e4 e5 17. Be3 d4 18. Nd5 dxe3 19. Qxe3 Rc8 20. c3 Bc5 21. Qd3 Rc6 22. Qc2 Kg7 23. b4 Ba7 24. a4 Qd7 25. b5 Rc4 26. b6 Bb8 27. a5 f5 28. Ne3 Rxe4 29. Rfd1 Qe7 30. Rd3 f4 31. Rad1 Kh8 32. Ng4 h5 33. Rd8 Rxd8 34. Rxd8+ Qxd8 35. Qxe4 hxg4 36. Qxg6 gxh3 37. Qh6+ Kg8 38. Qxh3 Bd6 39. Qe6+ Kf8 40. Qh6+ Ke8 41. Qg6+ Kd7 42. Qf7+ Qe7 43. Qf5+ Kd8 44. f3 Bc5+ 45. Kf1 Qh4 46. Qd3+ Ke7 47. Qe2 Qh1# 0-1

[Event "CP-2014-P-00011"]
[White "Hillebrand, Carsten"]
[Black "Schiller, Manfred"]
[Site "LSS email"]
[Round "?"]
[Result "0-1"]
[Date "2014.09.30"]
[WhiteElo "1822"]
[BlackElo "771"]
[PlyCount "38"]
[EventDate "2014.10.01"]
[EventType "tourn (corr)"]
[EventRounds "6"]
[EventCountry "GER"]
[SourceTitle "Corr 2022"]
[Source "ChessBase"]
[SourceDate "2021.10.24"]
[SourceVersion "1"]
[SourceVersionDate "2021.10.24"]
[SourceQuality "1"]

1. c4 Nc6 2. g3 Nf6 3. Bg2 e5 4. Nc3 Bb4 5. Nd5 Nxd5 6. cxd5 Ne7 7. Nf3 d6 8. Qa4+ Bd7 9. Qxb4 Nxd5 10. Qb3 Bc6 11. d4 0-0 12. dxe5 dxe5 13. Nxe5 Qd6 14. Nxc6 bxc6 15. 0-0 Rab8 16. Qc2 Rfe8 17. Rd1 Qe6 18. e3 Rbd8 19. a3 Nb6 0-1

[Event "CP-2014-P-00011"]
[White "Krupa, Bartlomiej"]
[Black "Schiller, Manfred"]
[Site "LSS email"]
[Round "?"]
[Result "1-0"]
[Date "2014.09.30"]
[WhiteElo "2227"]
[BlackElo "771"]
[PlyCount "53"]
[EventDate "2014.10.01"]
[EventType "tourn (corr)"]
[EventRounds "6"]
[EventCountry "GER"]
[SourceTitle "Corr 2022"]
[Source "ChessBase"]
[SourceDate "2021.10.24"]
[SourceVersion "1"]
[SourceVersionDate "2021.10.24"]
[SourceQuality "1"]

1. e4 Nc6 2. d4 e6 3. Nf3 d5 4. e5 Bb4+ 5. c3 Be7 6. Bd3 Bd7 7. 0-0 h6 8. b4 a6 9. Qe2 b5 10. a4 Na7 11. axb5 Bxb5 12. Bxb5+ Nxb5 13. Rxa6 c6 14. Rxc6 Qd7 15. Qxb5 Rd8 16. Na3 Bxb4 17. cxb4 Ne7 18. Rc7 Qxb5 19. Nxb5 0-0 20. Rxe7 Rb8 21. Nd6 Rxb4 22. Bd2 Rb2 23. Rc1 g5 24. h4 g4 25. Bxh6 Rfb8 26. Ng5 R8b4 27. Re8# 1-0

[Event "LSS No Engine Cup 118 Preliminary 4"]
[White "Schiller, Manfred"]
[Black "Herzog, Klaus"]
[Site "LSS email"]
[Round "?"]
[Result "0-1"]
[Date "2014.09.25"]
[WhiteElo "548"]
[BlackElo "1757"]
[PlyCount "74"]
[EventDate "2014.09.26"]
[EventType "tourn (corr)"]
[EventRounds "6"]
[EventCountry "GER"]
[SourceTitle "Corr 2015"]
[Source "ChessBase"]
[SourceDate "2015.07.17"]
[SourceVersion "1"]
[SourceVersionDate "2015.07.17"]
[SourceQuality "1"]

1. Nf3 Nc6 2. Nc3 e5 3. e4 Bc5 4. Bc4 Nf6 5. Ng5 0-0 6. Bxf7+ Rxf7 7. Nxf7 Kxf7 8. 0-0 d5 9. d3 Bg4 10. Qd2 dxe4 11. Nxe4 Nxe4 12. dxe4 Qxd2 13. Bxd2 Nd4 14. c3 Nb5 15. c4 Nd4 16. Bc3 Ne2+ 17. Kh1 Nxc3 18. bxc3 Be2 19. Rfe1 Bxc4 20. Red1 Kf6 21. f3 b5 22. Rd7 Bd6 23. h3 a5 24. Kh2 b4 25. cxb4 axb4 26. g4 Rxa2+ 27. Rxa2 Bxa2 28. Rd8 b3 29. Rb8 Ba3 30. Ra8 b2 31. Ra6+ Ke7 32. Kg3 b1Q 33. Rxa3 Qe1+ 34. Kg2 Bc4 35. Ra7 Bf1+ 36. Kh2 Qf2+ 37. Kh1 Qg2# 0-1

[Event "SN-2014-0-00626"]
[White "Lebduska, Daniel"]
[Black "Schiller, Manfred"]
[Site "LSS email"]
[Round "?"]
[Result "0-1"]
[Date "2014.09.22"]
[WhiteElo "571"]
[BlackElo "548"]
[PlyCount "48"]
[EventDate "2014.09.04"]
[EventType "tourn (corr)"]
[EventRounds "6"]
[EventCountry "GER"]
[SourceTitle "Corr 2015"]
[Source "ChessBase"]
[SourceDate "2015.07.17"]
[SourceVersion "1"]
[SourceVersionDate "2015.07.17"]
[SourceQuality "1"]

1. e4 Nc6 2. Nc3 e5 3. Nf3 Nf6 4. Bd3 Bb4 5. a3 Bxc3 6. dxc3 d6 7. h3 Be6 8. 0-0 h6 9. Bb5 Qd7 10. Qe2 a6 11. Ba4 b5 12. Bb3 Bxb3 13. cxb3 Na5 14. Qc2 c5 15. Rd1 0-0 16. Nxe5 Qe7 17. Nf3 Nxe4 18. Re1 f5 19. Nd2 Nc6 20. f3 Qh4 21. fxe4 fxe4 22. Rxe4 Qf2+ 23. Kh2 Ne5 24. c4 Nf3+ 0-1

[Event "SN-2014-0-00626"]
[White "Schiller, Manfred"]
[Black "Lenz, Juergen"]
[Site "LSS email"]
[Round "?"]
[Result "0-1"]
[Date "2014.09.22"]
[WhiteElo "548"]
[BlackElo "905"]
[PlyCount "74"]
[EventDate "2014.09.04"]
[EventType "tourn (corr)"]
[EventRounds "6"]
[EventCountry "GER"]
[SourceTitle "Corr 2015"]
[Source "ChessBase"]
[SourceDate "2015.07.17"]
[SourceVersion "1"]
[SourceVersionDate "2015.07.17"]
[SourceQuality "1"]

1. Nf3 d5 2. d4 Nf6 3. Nc3 Bf5 4. Bg5 Nbd7 5. Bxf6 Nxf6 6. e3 e6 7. Bb5+ c6 8. Ba4 b5 9. Bb3 b4 10. Na4 Qa5 11. 0-0 Bd6 12. Nh4 Bg6 13. h3 Qc7 14. Nf3 Ne4 15. c4 0-0 16. c5 Be7 17. Ne5 Bf6 18. Ng4 Be7 19. Qe1 a5 20. Ne5 Bf6 21. Nxg6 hxg6 22. Nb6 Rab8 23. Bc2 e5 24. Bxe4 dxe4 25. Qe2 exd4 26. Rfd1 d3 27. Qd2 Be7 28. Rdc1 Bxc5 29. Rxc5 Rxb6 30. Rac1 Ra6 31. b3 Qd6 32. R1c4 f5 33. Rxc6 Rxc6 34. Rd4 Qc7 35. g3 Rc2 36. Rc4 Qxc4 37. Qe1 d2 0-1

[Event "OP-2014-0-03493"]
[White "Schiller, Manfred"]
[Black "Firnhaber, Ingo"]
[Site "LSS email"]
[Round "?"]
[Result "0-1"]
[Date "2014.09.06"]
[WhiteElo "548"]
[BlackElo "2414"]
[PlyCount "58"]
[EventDate "2014.08.31"]
[EventType "tourn (corr)"]
[EventRounds "4"]
[EventCountry "GER"]
[SourceTitle "Corr 2015"]
[Source "ChessBase"]
[SourceDate "2015.07.17"]
[SourceVersion "1"]
[SourceVersionDate "2015.07.17"]
[SourceQuality "1"]

1. Nf3 Nf6 2. Nc3 d5 3. d4 e6 4. Bg5 Bb4 5. Qd3 0-0 6. a3 Be7 7. h3 Nbd7 8. e3 c5 9. b3 Qa5 10. Be2 c4 11. bxc4 dxc4 12. Qxc4 Nb6 13. Qd3 Nbd5 14. 0-0 Nxc3 15. Ne5 b6 16. Nc4 Nxe2+ 17. Qxe2 Qxg5 18. Ne5 Bb7 19. f3 Nd5 20. f4 Nc3 21. Qf2 Qh5 22. Rfe1 Rac8 23. Nd3 Bh4 24. g3 Qd5 25. e4 Nxe4 26. Qg2 Qxd4+ 27. Nf2 Bxg3 28. Qxg3 Nxg3 29. Kh2 Qxf2# 0-1

[Event "RN-2014-0-00832"]
[White "Schiller, Manfred"]
[Black "Vaculik, Jakub"]
[Site "LSS email"]
[Round "?"]
[Result "0-1"]
[Date "2014.08.08"]
[WhiteElo "574"]
[BlackElo "856"]
[PlyCount "40"]
[EventDate "2014.07.29"]
[EventType "tourn (corr)"]
[EventRounds "6"]
[EventCountry "GER"]
[SourceTitle "Corr 2015"]
[Source "ChessBase"]
[SourceDate "2015.07.17"]
[SourceVersion "1"]
[SourceVersionDate "2015.07.17"]
[SourceQuality "1"]

1. c4 e5 2. e4 Nf6 3. Nc3 Nc6 4. Nf3 d6 5. Be2 Be7 6. a3 0-0 7. Nd5 Nxd5 8. cxd5 Nb8 9. b4 Nd7 10. Bc4 a6 11. Bb2 Nb6 12. d3 Bf6 13. Qb3 Bd7 14. h3 Bg5 15. 0-0 Qf6 16. Rfd1 Qg6 17. Nxg5 Qxg5 18. Bc3 Bxh3 19. g3 Qg4 20. Qc2 Qf3 0-1

[Event "LSS No Engine Cup 113 Preliminary 4"]
[White "Lonyuk, Bohdan"]
[Black "Schiller, Manfred"]
[Site "LSS email"]
[Round "?"]
[Result "1-0"]
[Date "2014.07.06"]
[WhiteElo "1158"]
[BlackElo "574"]
[PlyCount "73"]
[EventDate "2014.07.07"]
[EventType "tourn (corr)"]
[EventRounds "6"]
[EventCountry "GER"]
[SourceTitle "Corr 2015"]
[Source "ChessBase"]
[SourceDate "2015.07.17"]
[SourceVersion "1"]
[SourceVersionDate "2015.07.17"]
[SourceQuality "1"]

1. e4 c5 2. Nf3 Nc6 3. d4 e6 4. d5 Nb4 5. a3 Bd6 6. axb4 b6 7. bxc5 bxc5 8. c4 e5 9. Nc3 Ne7 10. Nb5 Qb6 11. Be3 a6 12. Nxd6+ Qxd6 13. Be2 Bb7 14. Ra5 0-0 15. Bxc5 Qc7 16. b4 d6 17. Be3 Rfb8 18. 0-0 Bc8 19. Qd2 Ng6 20. Rfa1 h6 21. c5 Bg4 22. Rxa6 Rxa6 23. Rxa6 Bd7 24. Rxd6 f6 25. h3 Kh7 26. h4 Bg4 27. Nh2 h5 28. Bxg4 hxg4 29. Nxg4 Nxh4 30. f4 f5 31. Nxe5 Rd8 32. Rxd8 Qxd8 33. Qf2 Qb8 34. Qxh4+ Kg8 35. Nc6 Qa8 36. Qd8+ Qxd8 37. Nxd8 1-0

[Event "LSS No Engine Cup 113 Preliminary 4"]
[White "Schiller, Manfred"]
[Black "Svrsek, Radomir Jr"]
[Site "LSS email"]
[Round "?"]
[Result "0-1"]
[Date "2014.07.06"]
[WhiteElo "574"]
[BlackElo "1896"]
[PlyCount "62"]
[EventDate "2014.07.07"]
[EventType "tourn (corr)"]
[EventRounds "6"]
[EventCountry "GER"]
[SourceTitle "Corr 2015"]
[Source "ChessBase"]
[SourceDate "2015.07.17"]
[SourceVersion "1"]
[SourceVersionDate "2015.07.17"]
[SourceQuality "1"]

1. c4 e5 2. e4 Nf6 3. Nc3 Nc6 4. d3 h6 5. Be2 Be7 6. Be3 0-0 7. Qd2 d6 8. Nd5 Nxd5 9. cxd5 Nd4 10. Bxd4 exd4 11. Nf3 Bf6 12. b4 c6 13. h3 cxd5 14. exd5 Qd7 15. 0-0 Qb5 16. a4 Qxd5 17. b5 a6 18. Rfc1 axb5 19. Qb4 bxa4 20. Rxa4 Bd7 21. Rca1 Rxa4 22. Rxa4 Bxa4 23. Qxa4 b5 24. Qb4 Ra8 25. Nd2 Qc5 26. Qb2 Qc3 27. Qxb5 Qxd2 28. Bf3 Ra1+ 29. Kh2 Be5+ 30. g3 Qxf2+ 31. Bg2 Bxg3# 0-1

[Event "Remote S7E Schnell-103 email"]
[White "Schiller, Manfred"]
[Black "Tortoza, Carlos Alberto"]
[Site "Remote email"]
[Round "?"]
[Result "0-1"]
[Date "2014.06.23"]
[WhiteElo "1610"]
[BlackElo "1632"]
[PlyCount "48"]
[EventDate "2014.??.??"]
[EventType "tourn (corr)"]
[EventRounds "6"]
[EventCountry "GER"]
[SourceTitle "Corr 2015"]
[Source "ChessBase"]
[SourceDate "2015.07.17"]
[SourceVersion "1"]
[SourceVersionDate "2015.07.17"]
[SourceQuality "1"]

1. c4 e5 2. Nc3 c6 3. e4 Bb4 4. Qb3 a5 5. a3 Bc5 6. Nf3 d6 7. a4 Nf6 8. h3 0-0 9. d3 Na6 10. Bd2 Nb4 11. Be2 Be6 12. Ng5 Bd7 13. 0-0 Bd4 14. Nf3 Be6 15. Ng5 Qb6 16. Nf3 c5 17. Nb5 Rad8 18. Bxb4 cxb4 19. Rfd1 Bxf2+ 20. Kf1 g5 21. Nxg5 Bg1 22. Ke1 Bf2+ 23. Kf1 Bg1 24. Nf3 Qf2# 0-1

[Event "Remote S7E Schnell-103 email"]
[White "Schiller, Manfred"]
[Black "Witt, Monika"]
[Site "Remote email"]
[Round "?"]
[Result "1-0"]
[Date "2014.06.23"]
[WhiteElo "1610"]
[BlackElo "1390"]
[PlyCount "81"]
[EventDate "2014.??.??"]
[EventType "tourn (corr)"]
[EventRounds "6"]
[EventCountry "GER"]
[SourceTitle "Corr 2015"]
[Source "ChessBase"]
[SourceDate "2015.07.17"]
[SourceVersion "1"]
[SourceVersionDate "2015.07.17"]
[SourceQuality "1"]

1. c4 e5 2. Nc3 Nf6 3. e4 a6 4. Qc2 Bb4 5. a3 Bxc3 6. Qxc3 Nc6 7. d3 d6 8. Be2 0-0 9. Bg5 Nd4 10. Nf3 Nxf3+ 11. Bxf3 h6 12. Be3 Bg4 13. Bd1 Bxd1 14. Rxd1 Ng4 15. d4 Nxe3 16. Qxe3 Qg5 17. Qxg5 hxg5 18. dxe5 dxe5 19. 0-0 c5 20. Rd5 f6 21. Rxc5 Rad8 22. Rc7 b6 23. Rb7 Rd6 24. b4 b5 25. cxb5 axb5 26. Rxb5 Kh7 27. a4 Rfd8 28. Rd5 Kg6 29. Rfd1 g4 30. Rxd6 Rc8 31. b5 Rc4 32. a5 Rxe4 33. b6 g3 34. b7 gxh2+ 35. Kh1 Rb4 36. Rd7 Rb2 37. a6 Rxf2 38. b8Q e4 39. Qg3+ Kf5 40. R1d5+ Ke6 41. Qd6# 1-0

[Event "OP-2014-0-03413"]
[White "Berends, Hartwig"]
[Black "Schiller, Manfred"]
[Site "LSS email"]
[Round "?"]
[Result "1-0"]
[Date "2014.06.04"]
[WhiteElo "1853"]
[BlackElo "574"]
[PlyCount "37"]
[EventDate "2014.05.30"]
[EventType "tourn (corr)"]
[EventRounds "4"]
[EventCountry "GER"]
[SourceTitle "Corr 2015"]
[Source "ChessBase"]
[SourceDate "2015.07.17"]
[SourceVersion "1"]
[SourceVersionDate "2015.07.17"]
[SourceQuality "1"]

1. c4 g6 2. d4 d6 3. e4 Bd7 4. Nf3 Bg7 5. Be2 h6 6. 0-0 Bg4 7. Nc3 Nf6 8. Qb3 b6 9. h3 Bd7 10. Be3 a5 11. e5 Nh7 12. Rfd1 Be6 13. d5 Bf5 14. e6 fxe6 15. g4 Bxc3 16. Qxc3 Be4 17. Qxh8+ Nf8 18. dxe6 Nc6 19. Bxh6 1-0

[Event "OP-2014-0-03413"]
[White "Schiller, Manfred"]
[Black "Czaban, Tomasz"]
[Site "LSS email"]
[Round "?"]
[Result "0-1"]
[Date "2014.06.04"]
[WhiteElo "574"]
[BlackElo "1046"]
[PlyCount "54"]
[EventDate "2014.05.30"]
[EventType "tourn (corr)"]
[EventRounds "4"]
[EventCountry "GER"]
[SourceTitle "Corr 2015"]
[Source "ChessBase"]
[SourceDate "2015.07.17"]
[SourceVersion "1"]
[SourceVersionDate "2015.07.17"]
[SourceQuality "1"]

1. c4 Nf6 2. Nc3 e5 3. e4 c6 4. d3 d5 5. Bg5 d4 6. Nce2 Qb6 7. f3 Qxb2 8. Bd2 Na6 9. Nh3 Nb4 10. Kf2 Nxd3+ 11. Kg1 Bxh3 12. g3 Bxf1 13. Kxf1 Bc5 14. Kg2 Nf2 15. Kxf2 d3+ 16. Kg2 dxe2 17. Qxe2 0-0-0 18. Rhd1 Bb4 19. a4 Rxd2 20. Rxd2 Qxd2 21. Qf2 Qxf2+ 22. Kxf2 Rd8 23. g4 Rd2+ 24. Ke3 Nd7 25. a5 Nc5 26. h4 Nb3 27. Rb1 Bc5# 0-1

[Event "OP-2014-0-03413"]
[White "Schiller, Manfred"]
[Black "Huseby, Juan Carlos"]
[Site "LSS email"]
[Round "?"]
[Result "1/2-1/2"]
[Date "2014.06.04"]
[WhiteElo "574"]
[BlackElo "445"]
[PlyCount "138"]
[EventDate "2014.05.30"]
[EventType "tourn (corr)"]
[EventRounds "4"]
[EventCountry "GER"]
[SourceTitle "Corr 2015"]
[Source "ChessBase"]
[SourceDate "2015.07.17"]
[SourceVersion "1"]
[SourceVersionDate "2015.07.17"]
[SourceQuality "1"]

1. c4 e5 2. e4 Bb4 3. a3 Bc5 4. Nf3 d6 5. d3 Bg4 6. Be2 Bxf2+ 7. Kxf2 Nc6 8. Rf1 Bxf3 9. Bxf3 Qh4+ 10. Ke2 Nd4+ 11. Kd2 Qxh2 12. Rf2 Nxf3+ 13. Qxf3 Nf6 14. Nc3 0-0-0 15. Kc2 Qg1 16. Ne2 Qh2 17. Qf5+ Rd7 18. Bd2 Qh5 19. Ng3 Qg4 20. Qxg4 Nxg4 21. Re2 c5 22. Nf5 g6 23. Ng3 a6 24. Rc1 h5 25. Rh1 h4 26. Nf1 f6 27. g3 h3 28. Nh2 Nxh2 29. Rhxh2 b5 30. cxb5 axb5 31. Ba5 Kb7 32. g4 g5 33. b4 Rh4 34. Ref2 c4 35. Rxf6 cxd3+ 36. Kxd3 Rxg4 37. Rxh3 Rg1 38. Ke2 g4 39. Rhh6 Kc6 40. Rhg6 g3 41. Ke3 Re1+ 42. Kd2 Rxe4 43. Rxg3 Rd4+ 44. Kc2 Kd5 45. Rd3 Rxd3 46. Kxd3 e4+ 47. Ke3 Kc4 48. Kxe4 d5+ 49. Ke5 Kb3 50. Rf3+ Ka4 51. Bb6 Rb7 52. Bc5 d4 53. Rd3 Rd7 54. Ke6 Rh7 55. Bxd4 Rh4 56. Bc3 Re4+ 57. Be5 Rxe5+ 58. Kf6 Re3 59. Rd8 Kxa3 60. Ra8+ Kxb4 61. Kf5 Kc4 62. Ra1 b4 63. Kf4 Rh3 64. Rc1+ Rc3 65. Rxc3+ bxc3 66. Ke3 c2 67. Kd2 Kb3 68. Kc1 Ka2 69. Kxc2 Ka1 1/2-1/2

[Event "Remote Random-180 email"]
[White "Henkel, Phil"]
[Black "Schiller, Manfred"]
[Site "Remote email"]
[Round "?"]
[Result "1-0"]
[Date "2014.05.30"]
[WhiteElo "2034"]
[BlackElo "1610"]
[PlyCount "53"]
[EventDate "2014.??.??"]
[EventType "tourn (corr)"]
[EventRounds "6"]
[EventCountry "GER"]
[SourceTitle "Corr 2015"]
[Source "ChessBase"]
[SourceDate "2015.07.17"]
[SourceVersion "1"]
[SourceVersionDate "2015.07.17"]
[SourceQuality "1"]

1. e4 e6 2. d4 d5 3. e5 c5 4. c3 c4 5. b3 b5 6. a4 Bd7 7. axb5 Bxb5 8. bxc4 dxc4 9. Na3 Qb6 10. Rb1 a6 11. Bxc4 Bxa3 12. Bxa3 Qc6 13. Bxb5 axb5 14. Bb4 Qxg2 15. Qf3 Qg6 16. Rc1 Ne7 17. Qxa8 0-0 18. Bxe7 Re8 19. Bd6 f5 20. Bxb8 Qg5 21. Ne2 h5 22. Qb7 h4 23. Rg1 Qh6 24. Ra1 g5 25. Ra7 g4 26. Qf7+ Kh8 27. Qxe8+ 1-0

[Event "LSS No Engine Cup 110 Preliminary 3"]
[White "Pons, Francisco"]
[Black "Schiller, Manfred"]
[Site "LSS email"]
[Round "?"]
[Result "1-0"]
[Date "2014.05.16"]
[WhiteElo "1095"]
[BlackElo "574"]
[PlyCount "45"]
[EventDate "2014.05.17"]
[EventType "tourn (corr)"]
[EventRounds "6"]
[EventCountry "GER"]
[SourceTitle "Corr 2015"]
[Source "ChessBase"]
[SourceDate "2015.07.17"]
[SourceVersion "1"]
[SourceVersionDate "2015.07.17"]
[SourceQuality "1"]

1. e4 c5 2. Nf3 Nc6 3. d4 e6 4. Nc3 Be7 5. d5 exd5 6. exd5 Nb4 7. a3 Na6 8. Bxa6 bxa6 9. d6 Bf6 10. Nd5 Bb7 11. Nc7+ Kf8 12. Nxa8 Bxa8 13. 0-0 Bc6 14. c3 Qb6 15. Re1 c4 16. Qe2 Qd8 17. Qxc4 g6 18. Nd4 Bxd4 19. Qxd4 f6 20. Bf4 Qb6 21. Bh6+ Kf7 22. Qc4+ Bd5 23. Qxd5# 1-0

[Event "LSS No Engine Cup 110 Preliminary 3"]
[White "Schiller, Manfred"]
[Black "Gyongyosi, Peter Laszlo"]
[Site "LSS email"]
[Round "?"]
[Result "0-1"]
[Date "2014.05.16"]
[WhiteElo "574"]
[BlackElo "778"]
[PlyCount "78"]
[EventDate "2014.05.17"]
[EventType "tourn (corr)"]
[EventRounds "6"]
[EventCountry "GER"]
[SourceTitle "Corr 2015"]
[Source "ChessBase"]
[SourceDate "2015.07.17"]
[SourceVersion "1"]
[SourceVersionDate "2015.07.17"]
[SourceQuality "1"]

1. c4 e5 2. e4 Nf6 3. d3 Bc5 4. Bg5 d6 5. h3 h6 6. Bh4 Nbd7 7. Nc3 0-0 8. Nd5 c6 9. Nxf6+ Nxf6 10. Be2 g5 11. Bg3 Qb6 12. b3 Bb4+ 13. Kf1 d5 14. Bxe5 Nd7 15. Bd6 Bxd6 16. cxd5 cxd5 17. Nf3 dxe4 18. dxe4 Ne5 19. Nxe5 Bxe5 20. Rb1 Be6 21. g3 f5 22. exf5 Rxf5 23. Bf3 Rd8 24. Qe1 Rdf8 25. Qe2 Bd7 26. Qc4+ Kg7 27. g4 Bb5 28. gxf5 Bxc4+ 29. Kg2 Bd3 30. Rbd1 Bb5 31. a4 Bc6 32. Bxc6 Qxc6+ 33. f3 Rxf5 34. Rhf1 h5 35. Rd2 g4 36. Kh1 Rxf3 37. Rxf3 Qxf3+ 38. Rg2 Kf6 39. hxg4 hxg4 0-1

[Event "OP-2014-0-03398"]
[White "Philippe, Daniel"]
[Black "Schiller, Manfred"]
[Site "LSS email"]
[Round "?"]
[Result "1-0"]
[Date "2014.05.14"]
[WhiteElo "1674"]
[BlackElo "856"]
[PlyCount "43"]
[EventDate "2014.05.06"]
[EventType "tourn (corr)"]
[EventRounds "4"]
[EventCountry "GER"]
[SourceTitle "Corr 2022"]
[Source "ChessBase"]
[SourceDate "2021.10.24"]
[SourceVersion "1"]
[SourceVersionDate "2021.10.24"]
[SourceQuality "1"]

1. e4 c5 2. Nf3 Nc6 3. d4 e6 4. d5 Qa5+ 5. Bd2 Nb4 6. a3 Be7 7. Bc4 Nd3+ 8. cxd3 Qb6 9. Nc3 Nf6 10. d6 Bxd6 11. e5 Ng4 12. exd6 Qxd6 13. Ne4 Qc7 14. h3 Ne5 15. Nxe5 Qxe5 16. Bc3 Qf5 17. Nd6+ Kf8 18. Nxf5 exf5 19. Qh5 Ke8 20. Bxg7 Rg8 21. Bf6 Rf8 22. Qe2# 1-0